[Event "4NCL Division 2d"]
[Site "Hinckley Island ENG"]
[Date "2015.05.02"]
[Round "9.251"]
[White "Headlong, Tim"]
[Black "Pleasants, Allan J"]
[Result "1/2-1/2"]
[WhiteElo "2158"]
[BlackElo "2097"]
[PlyCount "43"]
[EventDate "2015.05.02"]
[WhiteTeam "Brown Jack Witney"]
[BlackTeam "Wessex"]

1. Nf3 g6 2. c4 Bg7 3. d4 c5 4. e4 cxd4 5. Nxd4 Nc6 6. Be3 d6 7. Nc3 Nf6 8. Be2
O-O 9. O-O a6 10. Qd2 Ng4 11. Bxg4 Bxg4 12. f3 Bd7 13. Rfd1 Ne5 14. b3 Rc8 15.
Rac1 Qe8 16. Nd5 Bc6 17. Nb6 Rd8 18. a4 Nd7 19. Nxd7 Rxd7 20. a5 Bxd4 21. Qxd4
e5 22. Qc3 1/2-1/2

[Event "4NCL Division 2d"]
[Site "Hinckley Island ENG"]
[Date "2015.05.02"]
[Round "9.252"]
[White "Lock, Gavin R"]
[Black "Martin, Lewis"]
[Result "1/2-1/2"]
[WhiteElo "2160"]
[BlackElo "2147"]
[PlyCount "36"]
[EventDate "2015.05.02"]
[WhiteTeam "Wessex"]
[BlackTeam "Brown Jack Witney"]

1. d4 Nf6 2. Bg5 Ne4 3. Bf4 d5 4. e3 e6 5. Bd3 Bd6 6. Bxe4 Bxf4 7. exf4 dxe4 8.
Nc3 Nc6 9. Nge2 f5 10. Qd2 b6 11. O-O-O Ne7 12. d5 exd5 13. Nxd5 Be6 14. Nxe7
Qxe7 15. Nd4 Bd7 16. Rhe1 O-O 17. Nf3 Be6 18. Ne5 Bxa2 1/2-1/2

[Event "4NCL Division 2d"]
[Site "Hinckley Island ENG"]
[Date "2015.05.02"]
[Round "9.253"]
[White "Girdlestone, Paul"]
[Black "Adaway, William"]
[Result "1/2-1/2"]
[WhiteElo "2155"]
[BlackElo "2102"]
[PlyCount "49"]
[EventDate "2015.05.02"]
[WhiteTeam "Brown Jack Witney"]
[BlackTeam "Wessex"]

1. d4 d5 2. Nf3 Nf6 3. c4 c6 4. Nc3 dxc4 5. a4 Bf5 6. e3 e6 7. Bxc4 Bb4 8. O-O
Nbd7 9. Qe2 Ng4 10. Rd1 Qe7 11. e4 e5 12. d5 O-O 13. Bg5 Rfe8 14. Rac1 h6 15.
Bh4 Rad8 16. dxc6 bxc6 17. Na2 Ba5 18. h3 Be6 19. b4 Bxb4 20. Bxe6 fxe6 21.
Rxc6 Nb6 22. Nxe5 g5 23. Bg3 Rxd1+ 24. Qxd1 Nxe5 25. Qb1 1/2-1/2

[Event "4NCL Division 2d"]
[Site "Hinckley Island ENG"]
[Date "2015.05.02"]
[Round "9.254"]
[White "Simons, Martin J"]
[Black "Padilla Cabero, Pablo"]
[Result "1/2-1/2"]
[WhiteElo "2064"]
[BlackElo "2159"]
[PlyCount "77"]
[EventDate "2015.05.02"]
[WhiteTeam "Wessex"]
[BlackTeam "Brown Jack Witney"]

1. d4 f5 2. Nc3 d6 3. e4 Nf6 4. exf5 Bxf5 5. Bd3 Qd7 6. Bxf5 Qxf5 7. Qf3 Qxf3
8. Nxf3 Nc6 9. Bf4 Nh5 10. Be3 e6 11. O-O-O Kd7 12. Rhe1 Re8 13. Re2 Be7 14. d5
exd5 15. Nxd5 Bd8 16. Rde1 Rhf8 17. Bd2 Ne7 18. Nxe7 Rxe7 19. Ng5 Rxe2 20. Rxe2
h6 21. Ne6 Re8 22. Nf4 Nxf4 23. Rxe8 Nd3+ 24. cxd3 Kxe8 25. Bc3 Bg5+ 26. Kd1 g6
27. Bd2 Bxd2 28. Kxd2 Ke7 29. Ke3 Ke6 30. g4 c5 31. f4 b5 32. Ke4 d5+ 33. Ke3
a5 34. d4 c4 35. Kd2 b4 36. Kc2 Kf6 37. Kd2 h5 38. h3 h4 39. Kc2 1/2-1/2

[Event "4NCL Division 2d"]
[Site "Hinckley Island ENG"]
[Date "2015.05.02"]
[Round "9.255"]
[White "Richmond, Peter"]
[Black "de Coverly, Roger D"]
[Result "1/2-1/2"]
[WhiteElo "2129"]
[BlackElo "2020"]
[PlyCount "79"]
[EventDate "2015.05.02"]
[WhiteTeam "Brown Jack Witney"]
[BlackTeam "Wessex"]

1. e4 e5 2. d3 Nc6 3. c3 Nf6 4. Nd2 d5 5. Be2 Be7 6. Qc2 O-O 7. h3 a5 8. Ngf3
b6 9. g4 Ba6 10. Nf1 Qd7 11. Ng3 dxe4 12. dxe4 Bxe2 13. Qxe2 Rfd8 14. g5 Ne8
15. Nf5 Bf8 16. Nh2 g6 17. Ne3 Qd3 18. Qxd3 Rxd3 19. Ke2 Rd7 20. Nhg4 Bg7 21.
Nd5 Ne7 22. Nxe7+ Rxe7 23. Rd1 f5 24. gxf6 Nxf6 25. Bg5 Rf8 26. f3 Re6 27. Bxf6
Bxf6 28. Rd7 Bg5 29. Rad1 h5 30. Ne3 Bxe3 31. Kxe3 Ref6 32. Rf1 g5 33. Ke2 R8f7
34. Rxf7 Kxf7 35. Rd1 Ke7 36. Rd5 Ke6 37. Ke3 c6 38. Rd2 Rg6 39. a4 Rg8 40. Rg2
1/2-1/2

[Event "4NCL Division 2d"]
[Site "Hinckley Island ENG"]
[Date "2015.05.02"]
[Round "9"]
[White "Bellers, Christopher JV"]
[Black "Duncan, Patrick"]
[Result "1/2-1/2"]
[WhiteElo "2029"]
[BlackElo "2013"]
[PlyCount "84"]
[EventDate "2015.05.02"]
[WhiteTeam "Wessex"]
[BlackTeam "Brown Jack Witney"]

1. c4 Nf6 2. g3 c6 3. Bg2 d5 4. Nf3 dxc4 5. O-O g6 6. Na3 Bg7 7. Nxc4 O-O 8. d3
Nbd7 9. Bd2 Ne8 10. Bc3 Ndf6 11. a4 Nd6 12. Ncd2 Nd5 13. Bxg7 Kxg7 14. e4 Nb4
15. Qb3 a5 16. d4 Be6 17. Qc3 f6 18. Rfe1 Qd7 19. b3 Rad8 20. Nc4 Nxc4 21. bxc4
Bg4 22. Rad1 c5 23. d5 Qxa4 24. e5 Qc2 25. exf6+ exf6 26. Re7+ Rf7 27. Rxf7+
Kxf7 28. Qxc2 Nxc2 29. h3 Bxf3 30. Bxf3 b6 31. Rd2 Nd4 32. Bd1 Ra8 33. Rb2 Ra6
34. Ba4 Ke7 35. Rb1 Kd6 36. Kg2 Ke7 37. Re1+ Kd6 38. Re8 Ra7 39. Rd8+ Ke5 40.
Re8+ Kd6 41. Rd8+ Ke5 42. Re8+ Kd6 1/2-1/2

[Event "4NCL Division 2d"]
[Site "Hinckley Island ENG"]
[Date "2015.05.02"]
[Round "9.1"]
[White "Whatley, Stephen"]
[Black "Marsh, Roger DW"]
[Result "1/2-1/2"]
[WhiteElo "2065"]
[BlackElo "2011"]
[PlyCount "99"]
[EventDate "2015.05.02"]
[WhiteTeam "Brown Jack Witney"]
[BlackTeam "Wessex"]

1. d4 d5 2. Nf3 c6 3. Bg5 Nd7 4. e3 Ngf6 5. Bd3 Ne4 6. Bh4 Ndf6 7. c3 g6 8. Qc2
Bg7 9. O-O Nd6 10. Nbd2 Bf5 11. Ne5 Bxd3 12. Nxd3 Nf5 13. Bg5 h5 14. f3 Nh7 15.
Bf4 g5 16. Ne5 e6 17. e4 Nxd4 18. cxd4 gxf4 19. Nb3 Bxe5 20. dxe5 Nf8 21. Nc5
Nd7 22. Nxd7 Qxd7 23. Qd2 O-O-O 24. exd5 Qxd5 25. Qxf4 Qd4+ 26. Qxd4 Rxd4 27.
g3 Rhd8 28. Rf2 h4 29. g4 h3 30. Re2 R8d5 31. Kf2 Rd8 32. Kg3 Rh8 33. Rc1 Kc7
34. Rc3 b6 35. f4 c5 36. Rf2 Kc6 37. g5 Kd5 38. Kg4 c4 39. Rxh3 Rxh3 40. Kxh3
Ke4 41. Kg4 Ke3 42. Rf3+ Ke4 43. h4 Rd2 44. h5 Rxb2 45. h6 Rh2 46. Rh3 Rxh3 47.
Kxh3 c3 48. h7 c2 49. h8=Q c1=Q 50. Qh7+ 1/2-1/2

[Event "4NCL Division 2d"]
[Site "Hinckley Island ENG"]
[Date "2015.05.02"]
[Round "9.2"]
[White "Zhou, Yang-Jian"]
[Black "Rabbitt, Mike"]
[Result "0-1"]
[WhiteElo "1889"]
[BlackElo "2027"]
[PlyCount "62"]
[EventDate "2015.05.02"]
[WhiteTeam "Wessex"]
[BlackTeam "Brown Jack Witney"]

1. Nf3 Nf6 2. c4 c6 3. Nc3 d5 4. d4 dxc4 5. e4 b5 6. a4 b4 7. Na2 e6 8. e5 Nd5
9. Bxc4 Be7 10. O-O O-O 11. Qd3 Bb7 12. Bd2 a5 13. Rac1 Nd7 14. Rc2 N7b6 15. b3
Nxc4 16. bxc4 Nb6 17. Qb3 c5 18. dxc5 Bxc5 19. Bg5 Qd7 20. Rd2 Qxa4 21. Nc1 h6
22. Bh4 Qxb3 23. Nxb3 Rfc8 24. Rc1 g5 25. Bg3 Bxf3 26. gxf3 a4 27. Nxc5 Rxc5
28. f4 b3 29. f3 Rxc4 30. Ra1 a3 31. Bf2 b2 0-1

[Event "4NCL Division 2d"]
[Site "Hinckley Island ENG"]
[Date "2015.05.02"]
[Round "9.5"]
[White "Lewis, Andrew"]
[Black "Habershon, Paul"]
[Result "1-0"]
[WhiteElo "2256"]
[BlackElo "2112"]
[PlyCount "67"]
[EventDate "2015.05.02"]
[WhiteTeam "Anglian Avengers 1"]
[BlackTeam "MK Phoenix 1"]

1. c4 g6 2. Nc3 Bg7 3. d4 c5 4. Nf3 cxd4 5. Nxd4 Nc6 6. Nc2 Nf6 7. e4 d6 8. Be2
O-O 9. O-O Bd7 10. Be3 Qc8 11. f3 Rd8 12. Rc1 Be8 13. Qd2 b6 14. Bg5 Qb7 15.
Nd5 Nxd5 16. exd5 Nb8 17. Nd4 Na6 18. Rfe1 Rac8 19. b3 Nc5 20. b4 Na6 21. Nc6
Rd7 22. f4 Rdc7 23. Bg4 e6 24. Bf3 Bxc6 25. dxc6 Qb8 26. f5 gxf5 27. b5 Nc5 28.
Rcd1 Be5 29. Rxe5 dxe5 30. Bf6 f4 31. Qf2 h6 32. Qh4 Kh7 33. Bxe5 Rg8 34. Qxf4
1-0

[Event "4NCL Division 2d"]
[Site "Hinckley Island ENG"]
[Date "2015.05.02"]
[Round "9.6"]
[White "Brown, Alan"]
[Black "Talsma, Paul"]
[Result "1/2-1/2"]
[WhiteElo "2098"]
[BlackElo "2210"]
[PlyCount "30"]
[EventDate "2015.05.02"]
[WhiteTeam "MK Phoenix 1"]
[BlackTeam "Anglian Avengers 1"]

1. d4 f5 2. Nf3 Nf6 3. g3 g6 4. Bg2 Bg7 5. O-O O-O 6. c4 d6 7. Nc3 Qe8 8. Bg5
c6 9. d5 Na6 10. Nd4 Bd7 11. Qd2 Rc8 12. Rac1 Qf7 13. Bh6 Nc5 14. Bxg7 Qxg7 15.
e3 Qf7 1/2-1/2

[Event "4NCL Division 2d"]
[Site "Hinckley Island ENG"]
[Date "2015.05.02"]
[Round "9.7"]
[White "Spence, David"]
[Black "Reuben, Stewart"]
[Result "1-0"]
[WhiteElo "2230"]
[BlackElo "2066"]
[PlyCount "75"]
[EventDate "2015.05.02"]
[WhiteTeam "Anglian Avengers 1"]
[BlackTeam "MK Phoenix 1"]

1. e4 c5 2. c3 Nf6 3. e5 Nd5 4. d4 cxd4 5. Nf3 Nc6 6. cxd4 d6 7. Bc4 Nb6 8. Bb3
Bf5 9. e6 fxe6 10. O-O d5 11. Nc3 Bg4 12. h3 Bxf3 13. Qxf3 g6 14. Qg4 Bg7 15.
Rd1 Qd7 16. a4 O-O-O 17. a5 Nc4 18. Ba4 e5 19. Qg3 exd4 20. Nb5 Nd6 21. a6 Nxb5
22. Bxb5 Qd6 23. axb7+ Kxb7 24. Bf4 e5 25. Bxc6+ Qxc6 26. Bxe5 Bxe5 27. Qxe5
Rhe8 28. Qxd4 Qb6 29. Qg7+ Kb8 30. Qxh7 Re2 31. Qf7 d4 32. Qf4+ Rd6 33. Rac1
Rxb2 34. Re1 d3 35. Re8+ Kb7 36. Re7+ Kb8 37. Rd7 Rc2 38. Qf8+ 1-0

[Event "4NCL Division 2d"]
[Site "Hinckley Island ENG"]
[Date "2015.05.02"]
[Round "9.8"]
[White "Smith, Graham"]
[Black "Player, Edmund"]
[Result "0-1"]
[WhiteElo "2063"]
[BlackElo "2217"]
[PlyCount "64"]
[EventDate "2015.05.02"]
[WhiteTeam "MK Phoenix 1"]
[BlackTeam "Anglian Avengers 1"]

1. e4 d6 2. d4 Nf6 3. Nc3 g6 4. f4 Bg7 5. Nf3 O-O 6. Bd3 Na6 7. e5 dxe5 8. fxe5
Nd7 9. Ne4 c5 10. c3 cxd4 11. cxd4 Nb6 12. O-O Nb4 13. Bb1 N6d5 14. Qe1 Qc7 15.
Qh4 f6 16. Bh6 b6 17. a3 Na6 18. Ba2 Bb7 19. Rac1 Qd7 20. Rfe1 Rac8 21. e6 Qe8
22. Rxc8 Qxc8 23. Qh3 Nac7 24. Rc1 Qe8 25. Nc3 Nxc3 26. bxc3 Qa4 27. Bf4 Qxa3
28. Rc2 Nd5 29. Bxd5 Bxd5 30. c4 Rc8 31. Nd2 Qxh3 32. gxh3 Bxe6 0-1

[Event "4NCL Division 2d"]
[Site "Hinckley Island ENG"]
[Date "2015.05.02"]
[Round "9.9"]
[White "Moore, Graham"]
[Black "Grieve, Harry"]
[Result "0-1"]
[WhiteElo "2177"]
[BlackElo "2057"]
[PlyCount "80"]
[EventDate "2015.05.02"]
[WhiteTeam "Anglian Avengers 1"]
[BlackTeam "MK Phoenix 1"]

1. e4 c5 2. Nf3 e6 3. d4 cxd4 4. Nxd4 Nc6 5. Nc3 Qc7 6. Be2 a6 7. O-O Nf6 8.
Be3 Bb4 9. Nxc6 Qxc6 10. e5 Bxc3 11. bxc3 Nd5 12. c4 Nc3 13. Qd3 Nxe2+ 14. Qxe2
Qe4 15. Qd3 Qxe5 16. Bd4 Qg5 17. f4 Qh6 18. Bc5 b6 19. Ba3 f5 20. Qd6 Qf6 21.
Rab1 b5 22. cxb5 axb5 23. Rfd1 Ra6 24. Qd3 Rc6 25. Bb2 Qe7 26. Qxb5 O-O 27. Rd2
Ba6 28. Qa5 Rb8 29. Kf2 Rb5 30. Qa4 Qh4+ 31. Kf3 Rc3+ 32. Bxc3 Bb7+ 33. Ke3
Rxb1 34. Qxd7 Qe1+ 35. Kd4 Qg1+ 36. Ke5 Qc5+ 37. Kxe6 Bc8 38. Be5 Bxd7+ 39.
Rxd7 Rb6+ 40. Kxf5 Qxc2+ 0-1

[Event "4NCL Division 2d"]
[Site "Hinckley Island ENG"]
[Date "2015.05.02"]
[Round "9.10"]
[White "Elwin, Adrian"]
[Black "Gregory, Steve"]
[Result "0-1"]
[WhiteElo "1982"]
[BlackElo "2155"]
[PlyCount "92"]
[EventDate "2015.05.02"]
[WhiteTeam "MK Phoenix 1"]
[BlackTeam "Anglian Avengers 1"]

1. d4 Nf6 2. c4 Nc6 3. Nc3 d6 4. d5 Ne5 5. f4 Ng6 6. e4 e6 7. Nf3 exd5 8. cxd5
Be7 9. Be2 c6 10. dxc6 bxc6 11. f5 Ne5 12. Nxe5 dxe5 13. Be3 O-O 14. O-O Qa5
15. a3 Rd8 16. Qe1 Bc5 17. Qf2 Bxe3 18. Qxe3 c5 19. g4 Bb7 20. g5 Ne8 21. g6
Rd4 22. gxf7+ Kxf7 23. Bh5+ Kg8 24. Bxe8 Rxe8 25. f6 Rd7 26. Rad1 Rf7 27. fxg7
Rxg7+ 28. Kh1 Qb6 29. Rg1 Ree7 30. Rxg7+ Rxg7 31. Rg1 Qf6 32. Rxg7+ Kxg7 33.
Kg2 Qe7 34. Qg3+ Kf8 35. Qf3+ Ke8 36. Qh5+ Kd8 37. Qf5 Kc7 38. Kf3 Kb6 39. Nd5+
Bxd5 40. exd5 Kc7 41. Ke4 Kd6 42. Qh5 Qg7 43. Qf3 c4 44. Qf1 Qg4+ 45. Ke3 Qd4+
46. Kf3 Qf4+ 0-1

[Event "4NCL Division 2d"]
[Site "Hinckley Island ENG"]
[Date "2015.05.02"]
[Round "9.11"]
[White "Bayford, Jim R"]
[Black "Lambourne, Dan"]
[Result "1/2-1/2"]
[WhiteElo "2162"]
[BlackElo "2013"]
[PlyCount "59"]
[EventDate "2015.05.02"]
[WhiteTeam "Anglian Avengers 1"]
[BlackTeam "MK Phoenix 1"]

1. e4 c5 2. c3 d5 3. exd5 Qxd5 4. d4 e6 5. Nf3 Nc6 6. Na3 a6 7. Nc4 Bd7 8. Nb6
Qe4+ 9. Be3 Rd8 10. Bd3 Qg4 11. h3 Qxg2 12. Rh2 Qxh2 13. Nxh2 cxd4 14. cxd4
Bb4+ 15. Kf1 Nf6 16. Ng4 Be7 17. a3 Nd5 18. Nxd7 Rxd7 19. Rc1 f6 20. Bxa6 Kf7
21. Bd3 h5 22. Nh2 g5 23. Qf3 Nf4 24. Bb5 Nxd4 25. Bxd4 Rxd4 26. Be2 Rd2 27.
Re1 Rxb2 28. Qc3 Ra2 29. Nf3 Rxa3 30. Qc4 1/2-1/2

[Event "4NCL Division 2d"]
[Site "Hinckley Island ENG"]
[Date "2015.05.02"]
[Round "9.12"]
[White "Williamson, Kevin"]
[Black "Peck, Silas"]
[Result "1/2-1/2"]
[WhiteElo "1979"]
[BlackElo "2035"]
[PlyCount "49"]
[EventDate "2015.05.02"]
[WhiteTeam "MK Phoenix 1"]
[BlackTeam "Anglian Avengers 1"]

1. d4 d5 2. Nc3 Nf6 3. Bg5 Bf5 4. e3 e6 5. Bd3 Bxd3 6. cxd3 Be7 7. Nf3 O-O 8.
O-O Nbd7 9. Ne5 c5 10. Nxd7 Nxd7 11. Bxe7 Qxe7 12. dxc5 Qxc5 13. d4 Qa5 14. Qa4
Qxa4 15. Nxa4 Rac8 16. Rfc1 Nb8 17. Kf1 Nc6 18. Ke2 Rc7 19. Nc3 Rfc8 20. Kd2
Na5 21. b3 Kf8 22. Nb5 Rxc1 23. Rxc1 Rxc1 24. Kxc1 a6 25. Nc3 1/2-1/2

[Event "4NCL Division 2d"]
[Site "Hinckley Island ENG"]
[Date "2015.05.02"]
[Round "9.16"]
[White "Guthrie, David W"]
[Black "Green, Andrew D"]
[Result "1/2-1/2"]
[WhiteElo "2198"]
[BlackElo "2147"]
[PlyCount "46"]
[EventDate "2015.05.02"]
[WhiteTeam "Kings Head"]
[BlackTeam "KJCA Kings"]

1. d4 Nf6 2. c4 g6 3. Nc3 d5 4. Nf3 Bg7 5. e3 O-O 6. Be2 c5 7. O-O cxd4 8. exd4
dxc4 9. Bxc4 Bg4 10. Re1 Nc6 11. d5 Na5 12. Bf1 Rc8 13. Bg5 h6 14. Bh4 Nc4 15.
Bxc4 Bxf3 16. Qb3 Bg4 17. h3 Bd7 18. Rad1 g5 19. Bg3 Nh5 20. d6 e6 21. Bh2 Qb6
22. Be5 Qxb3 23. Bxb3 Rfd8 1/2-1/2

[Event "4NCL Division 2d"]
[Site "Hinckley Island ENG"]
[Date "2015.05.02"]
[Round "9.17"]
[White "Sathyanandha, Saravanan"]
[Black "Tukpetov, Evgeny"]
[Result "1-0"]
[WhiteElo "2163"]
[BlackElo "2162"]
[PlyCount "97"]
[EventDate "2015.05.02"]
[WhiteTeam "KJCA Kings"]
[BlackTeam "Kings Head"]

1. e4 Nc6 2. Nc3 Nf6 3. d4 d5 4. e5 Nd7 5. f4 Nb6 6. Nf3 Bg4 7. Be2 e6 8. O-O
Bb4 9. Nb1 a5 10. a4 O-O 11. c3 Be7 12. Bd3 Bf5 13. Ne1 Nb8 14. g4 Bxd3 15.
Nxd3 f5 16. exf6 Rxf6 17. g5 Rf5 18. Qe2 Qc8 19. Re1 Bd6 20. Qxe6+ Qxe6 21.
Rxe6 N8d7 22. Na3 Nf8 23. Re1 Nxa4 24. Nb5 Nb6 25. Nxd6 cxd6 26. b3 a4 27. Bd2
axb3 28. Rxa8 Nxa8 29. Rb1 Nb6 30. Rxb3 Nc4 31. Bc1 b6 32. Kg2 Kf7 33. Rb1 Ke6
34. Ra1 Rf7 35. Ra2 g6 36. Nb4 Rf5 37. Ra7 Nd7 38. Nc6 Rf8 39. Ra2 Nb8 40. Nb4
Rf5 41. Ra8 Rf8 42. Na6 Nd7 43. Nc7+ Kf5 44. Rxf8+ Nxf8 45. Kf3 Nd7 46. Nxd5
Nb8 47. Nc7 Nc6 48. d5 Ne7 49. Nb5 1-0

[Event "4NCL Division 2d"]
[Site "Hinckley Island ENG"]
[Date "2015.05.02"]
[Round "9.18"]
[White "Davey, Mark"]
[Black "Jones, William EG"]
[Result "1-0"]
[WhiteElo "2162"]
[BlackElo "2113"]
[PlyCount "113"]
[EventDate "2015.05.02"]
[WhiteTeam "Kings Head"]
[BlackTeam "KJCA Kings"]

1. e4 c5 2. Nf3 d6 3. d4 cxd4 4. Nxd4 Nf6 5. Nc3 a6 6. Bc4 e6 7. a4 Nbd7 8. O-O
Nc5 9. Re1 Qc7 10. Ba2 b6 11. b4 Ncd7 12. Bb2 Bb7 13. Qe2 Rc8 14. f4 h5 15.
Rad1 Be7 16. f5 e5 17. Nf3 Qb8 18. Ng5 O-O 19. Rd3 Ng4 20. Ne6 b5 21. Rf1 Qa7+
22. Kh1 fxe6 23. Bxe6+ Kh8 24. Bxd7 Bxe4 25. Nxe4 Qxd7 26. h3 Nh6 27. Bxe5 Rxf5
28. Nxd6 Rxc2 29. Nxf5 Qxf5 30. Rxf5 Rxe2 31. Rxh5 Kh7 32. Rd7 Kg6 33. Rxh6+
gxh6 34. Rxe7 bxa4 35. Bd6 Rxe7 36. Bxe7 a3 37. Bc5 Kf5 38. Bd4 Ke4 39. Bf6 h5
40. Kh2 Kf4 41. Kg1 Ke3 42. Kf1 a2 43. Ke1 h4 44. Bh8 Kd3 45. Kf2 Kc4 46. Kf3
Kxb4 47. Kg4 a5 48. Kxh4 a4 49. g4 Kb3 50. g5 Kc2 51. g6 a3 52. Bf6 Kb1 53. g7
a1=Q 54. Bxa1 Kxa1 55. g8=Q a2 56. Qxa2+ Kxa2 57. Kg5 1-0

[Event "4NCL Division 2d"]
[Site "Hinckley Island ENG"]
[Date "2015.05.02"]
[Round "9.19"]
[White "Ball, Laurence"]
[Black "Mackenzie, Colin"]
[Result "1/2-1/2"]
[WhiteElo "2105"]
[BlackElo "2046"]
[PlyCount "39"]
[EventDate "2015.05.02"]
[WhiteTeam "KJCA Kings"]
[BlackTeam "Kings Head"]

1. f4 e6 2. Nf3 d5 3. d3 Nf6 4. g3 c5 5. Bg2 Be7 6. O-O Nc6 7. Nc3 b6 8. e4
dxe4 9. dxe4 Ba6 10. Re1 Qc7 11. e5 Rd8 12. Bd2 Nd5 13. Ne4 O-O 14. Qc1 Nd4 15.
c4 Nb4 16. Bxb4 cxb4 17. b3 Nxf3+ 18. Bxf3 Rd3 19. Kg2 Rfd8 20. Qc2 1/2-1/2

[Event "4NCL Division 2d"]
[Site "Hinckley Island ENG"]
[Date "2015.05.02"]
[Round "9.20"]
[White "Gilfillan, Andrew"]
[Black "Grove, Michael"]
[Result "0-1"]
[WhiteElo "2087"]
[BlackElo "2050"]
[PlyCount "102"]
[EventDate "2015.05.02"]
[WhiteTeam "Kings Head"]
[BlackTeam "KJCA Kings"]

1. c4 Nf6 2. Nc3 e5 3. g3 Bb4 4. Bg2 O-O 5. a3 Bxc3 6. bxc3 Nc6 7. e4 d6 8. d3
h6 9. Rb1 Re8 10. Ne2 Na5 11. O-O b6 12. h3 Nb7 13. f4 Nc5 14. f5 Bb7 15. g4
Nh7 16. Ng3 Kh8 17. f6 g5 18. Rb2 Ne6 19. Nf5 Nf4 20. Nxh6 Qxf6 21. Nf5 Nf8 22.
h4 N8g6 23. hxg5 Qxg5 24. d4 Bc8 25. Rbf2 Be6 26. d5 Bd7 27. Qf3 Kg8 28. Qg3 f6
29. Qh2 Rad8 30. Bf3 Bc8 31. Qg3 Rd7 32. Rh2 Rh7 33. Rxh7 Kxh7 34. Be3 Rh8 35.
Rf2 Kg8 36. Rh2 Rxh2 37. Qxh2 Bxf5 38. Bxf4 Qxf4 39. gxf5 Qc1+ 40. Kf2 Qd2+ 41.
Be2 Nf4 42. Qg3+ Kf7 43. Qe3 Qb2 44. c5 Qxa3 45. cxb6 cxb6 46. Qd2 Qc5+ 47. Kf1
Ke7 48. Ba6 Qa3 49. Bb7 Qa1+ 50. Qe1 Qb2 51. Qf2 Qxc3 0-1

[Event "4NCL Division 2d"]
[Site "Hinckley Island ENG"]
[Date "2015.05.02"]
[Round "9.21"]
[White "Lunn, Matthew"]
[Black "Whitehead, David J"]
[Result "1-0"]
[WhiteElo "2040"]
[BlackElo "2038"]
[PlyCount "119"]
[EventDate "2015.05.02"]
[WhiteTeam "KJCA Kings"]
[BlackTeam "Kings Head"]

1. d4 Nf6 2. c4 Nc6 3. Nc3 e5 4. d5 Ne7 5. e4 Ng6 6. g3 Bc5 7. Bg2 O-O 8. h4 d6
9. h5 Ne7 10. Nh3 Bg4 11. Bf3 Qd7 12. Bxg4 Qxg4 13. Bg5 Qxd1+ 14. Rxd1 h6 15.
Bxf6 gxf6 16. g4 a6 17. a4 c6 18. O-O Bd4 19. Kg2 Rac8 20. Ne2 Bc5 21. Nhg1 Ba7
22. Rc1 cxd5 23. cxd5 Rxc1 24. Rxc1 Rc8 25. Rxc8+ Nxc8 26. Nf3 Nb6 27. b3 Nd7
28. Nd2 Nc5 29. Ng3 Kh7 30. Nf5 Bb8 31. Kf3 Bc7 32. Nc4 Nxb3 33. Ncxd6 Nc5 34.
Nxf7 Nxa4 35. d6 Bxd6 36. N7xd6 Nc5 37. Ne3 b5 38. Nd5 Nd7 39. Ke3 Kg8 40. Kd3
Nc5+ 41. Kc3 a5 42. Nxf6+ Kg7 43. Nd5 Kg8 44. f3 b4+ 45. Kc4 Ne6 46. Nb7 Ng5
47. Nxa5 Nxf3 48. Kxb4 Nd2 49. Nc4 Nxe4 50. Nxe5 Kg7 51. Kc4 Ng5 52. Kd4 Kh7
53. Ke3 Kg7 54. Kf4 Ne6+ 55. Kf5 Nd4+ 56. Ke4 Ne6 57. Nf4 Nc7 58. Kf5 Ne8 59.
Ne6+ Kh7 60. Nf7 1-0

[Event "4NCL Division 2d"]
[Site "Hinckley Island ENG"]
[Date "2015.05.02"]
[Round "9.22"]
[White "Zhang, Harvey Y"]
[Black "Velayudham, Kartik"]
[Result "1-0"]
[WhiteElo "1689"]
[BlackElo "1705"]
[PlyCount "103"]
[EventDate "2015.05.02"]
[WhiteTeam "Kings Head"]
[BlackTeam "KJCA Kings"]

1. d4 Nf6 2. Nf3 g6 3. c4 Bg7 4. Nc3 d5 5. cxd5 Nxd5 6. e4 Nxc3 7. bxc3 c5 8.
Be3 Qa5 9. Qd2 O-O 10. Rb1 b6 11. Be2 Bb7 12. Qc2 Ba6 13. Bxa6 Nxa6 14. O-O
Rac8 15. Rfc1 Rfd8 16. d5 Nc7 17. a4 e6 18. c4 exd5 19. exd5 Ne8 20. Bf4 Qa6
21. Qb3 Nd6 22. Bxd6 Rxd6 23. Re1 Qb7 24. Ne5 Bxe5 25. Rxe5 Rdd8 26. Rbe1 Qc7
27. Qb5 Qd7 28. Re7 Qxb5 29. axb5 Kf8 30. Rxa7 Re8 31. Kf1 Ra8 32. Rxe8+ Rxe8
33. Rb7 Re4 34. Rxb6 Rxc4 35. Rc6 Ke7 36. b6 Rb4 37. Ke2 f5 38. Kd3 Kd7 39. Kc3
Ke7 40. Rxc5 Rxb6 41. Rc7+ Kd6 42. Rc6+ Rxc6+ 43. dxc6 Kxc6 44. Kd4 Kd6 45. f3
g5 46. g3 h5 47. h3 g4 48. hxg4 f4 49. gxh5 fxg3 50. Ke3 Ke6 51. f4 Kf6 52. Kf3
1-0

[Event "4NCL Division 2d"]
[Site "Hinckley Island ENG"]
[Date "2015.05.02"]
[Round "9.25"]
[White "Strugnell, Carl P"]
[Black "Thompson, Ian D"]
[Result "1/2-1/2"]
[WhiteElo "2256"]
[BlackElo "2202"]
[PlyCount "67"]
[EventDate "2015.05.02"]
[WhiteTeam "Rhyfelwyr Essyllwg 1"]
[BlackTeam "BCM Dragons [1]"]

1. e4 e5 2. Nf3 Nc6 3. Bb5 a6 4. Bxc6 dxc6 5. O-O Bg4 6. h3 h5 7. d3 Qf6 8. Be3
Bxf3 9. Qxf3 Qxf3 10. gxf3 Bd6 11. Nd2 Ne7 12. Nc4 Ng6 13. c3 O-O-O 14. Rfd1 f6
15. Kf1 Nf8 16. f4 exf4 17. Nxd6+ cxd6 18. Bxf4 Ne6 19. Be3 g5 20. Kg2 d5 21.
exd5 cxd5 22. d4 Ng7 23. c4 dxc4 24. Rac1 Kd7 25. Rxc4 Rc8 26. b3 Nf5 27. Rdc1
Nd6 28. Rxc8 Rxc8 29. Rxc8 Nxc8 30. h4 g4 31. f3 gxf3+ 32. Kxf3 Ne7 33. Bf2 Ke6
34. Ke4 1/2-1/2

[Event "4NCL Division 2d"]
[Site "Hinckley Island ENG"]
[Date "2015.05.02"]
[Round "9.26"]
[White "Frostick, Clive A"]
[Black "Kett, Timothy J"]
[Result "1/2-1/2"]
[WhiteElo "2178"]
[BlackElo "2216"]
[PlyCount "51"]
[EventDate "2015.05.02"]
[WhiteTeam "BCM Dragons [1]"]
[BlackTeam "Rhyfelwyr Essyllwg 1"]

1. e4 e5 2. Nf3 Nc6 3. Bb5 a6 4. Ba4 Nf6 5. O-O Be7 6. Bxc6 dxc6 7. Qe1 Nd7 8.
b3 c5 9. Bb2 Bd6 10. d3 O-O 11. Nbd2 b5 12. Qe3 Re8 13. a4 c6 14. Rfd1 Nf8 15.
Nf1 Ne6 16. c3 Rb8 17. d4 Qc7 18. dxe5 Bxe5 19. Nxe5 Qxe5 20. Rab1 c4 21. Ba3
c5 22. axb5 cxb3 23. Rxb3 Rxb5 24. Rxb5 axb5 25. Rd5 Qc7 26. Bxc5 1/2-1/2

[Event "4NCL Division 2d"]
[Site "Hinckley Island ENG"]
[Date "2015.05.02"]
[Round "9.27"]
[White "Trevelyan, John"]
[Black "Coates, Kenneth G"]
[Result "0-1"]
[WhiteElo "2112"]
[BlackElo "2148"]
[PlyCount "58"]
[EventDate "2015.05.02"]
[WhiteTeam "Rhyfelwyr Essyllwg 1"]
[BlackTeam "BCM Dragons [1]"]

1. d4 d5 2. Nf3 Nf6 3. c4 c6 4. cxd5 cxd5 5. Nc3 Nc6 6. Bf4 Bf5 7. e3 e6 8. Bb5
Qb6 9. O-O Be7 10. Ne5 h6 11. Qa4 Rc8 12. Rac1 O-O 13. Qd1 Nxe5 14. dxe5 Ne4
15. Qe2 Nxc3 16. Rxc3 Rxc3 17. bxc3 Rc8 18. e4 Bxe4 19. c4 dxc4 20. Bxc4 Qd4
21. Rc1 Bd5 22. Bxd5 Rxc1+ 23. Bxc1 Qxd5 24. h3 b5 25. f4 Bc5+ 26. Kh2 a5 27.
g4 Qd4 28. Qg2 b4 29. Kg3 Qc3+ 0-1

[Event "4NCL Division 2d"]
[Site "Hinckley Island ENG"]
[Date "2015.05.02"]
[Round "9.28"]
[White "Tavares, Shawn P"]
[Black "Young, Alan"]
[Result "1-0"]
[WhiteElo "2110"]
[BlackElo "2021"]
[PlyCount "86"]
[EventDate "2015.05.02"]
[WhiteTeam "BCM Dragons [1]"]
[BlackTeam "Rhyfelwyr Essyllwg 1"]

1. Nf3 d5 2. c4 d4 3. e3 Nc6 4. exd4 Nxd4 5. Nxd4 Qxd4 6. Be2 Nh6 7. O-O e5 8.
Nc3 c6 9. d3 Nf5 10. Re1 Be7 11. Bf1 f6 12. Re4 Qd8 13. Kh1 O-O 14. f4 Bc5 15.
Bd2 Qe8 16. Rb1 Nd6 17. Re1 Bf2 18. Qf3 Bxe1 19. Rxe1 Qg6 20. c5 Bg4 21. Qf2
Nb5 22. Ne4 Bf5 23. a4 Nd4 24. Bc3 Rad8 25. Nd6 Rd7 26. Bxd4 exd4 27. Qxd4 Rfd8
28. h3 h5 29. b4 Kh7 30. Qe3 b6 31. d4 Bc2 32. Qc3 Kh8 33. a5 bxa5 34. bxa5 Rb8
35. Bc4 Rb1 36. Rxb1 Bxb1 37. Qb2 Kh7 38. Qb8 Kh6 39. Qh8+ Qh7 40. Qe8 Rxd6 41.
cxd6 Qf5 42. d7 Be4 43. Qh8+ Kg6 1-0